00627naa#a2200169#i#4500001001600000005001700016011001400033100004100047102000700088200011300095210005200208215001100260608002700271675011300298700002500411856002100436EN\\bibl\12242220260516015728.6##a1998-6785##a20231221b2023####ek#y0engy0150####ca##aRU1#aVladivostok Fortress in the Early 1920s: From the Fall of White Primorye to SelfLiquidationeJournal article1#aVladivostokcVladivostok State Universityd2023##a10 с.##aJournal article2local##aИсторическая наука. Вспомогательные исторические науки. 930#1aAzarevichgVasily K.4#avvgu.editorum.ru